Malta in the Eurovision Song Contest - Statistics

General Stats
  • This quiz has been taken 70 times
    19 since last reset
  • The average score is 22 of 39
Answer Stats
Year Place Song Artist(s) % Correct
2021 7 Je me casse Destiny
100%
2020 - All of My Love Destiny
100%
2026 18 Bella Aidan
92%
2025 17 Serving Miriana Conte
92%
2016 12 Walk on Water Ira Losco
77%
2002 2 7th Wonder Ira Losco
77%
2024 16 (SF) Loop Sarah Bonnici
77%
2023 15 (SF) Dance (Our Own Party) The Busker
77%
2015 11 (SF) Warrior Amber
69%
2009 22 What If We Chiara
62%
2005 2 Angel Chiara
62%
1998 3 The One That I Love Chiara
62%
2000 8 Desire Claudette Pace
62%
2017 16 (SF) Breathlessly Claudia Faniello
62%
2006 24 I Do Fabrizio Faniello
62%
2001 9 Another Summer Night Fabrizio Faniello
62%
2012 21 This Is the Night Kurt Calleja
62%
1992 3 Little Child Mary Spiteri
62%
2019 14 Chameleon Michela
62%
1995 10 Keep Me In Mind Mike Spiteri
62%
2022 16 (SF) I Am What I Am Emma Muscat
54%
2013 8 Tomorrow Gianluca Bezzina
54%
2004 12 On Again... Off Again Julie and Ludwig
54%
1994 5 More Than Love Chris and Moira
46%
2018 13 (SF) Taboo Christabelle
46%
1997 9 Let Me Fly Debbie Scerri
46%
2014 23 Coming Home Firelight
46%
2011 11 (SF) One Life Glen Vella
46%
2008 14 (SF) Vodka Morena
46%
1972 18 L-imħabba Helen and Joseph
38%
1971 18 Marija l-Maltija Joe Grech
38%
2003 25 To Dream Again Lynn Chircop
38%
2007 25 (SF) Vertigo Olivia Lewis
38%
2010 12 (SF) My Dream Thea Garrett
38%
1996 10 In a Woman's Heart Miriam Christine
31%
1991 6 Could It Be Paul Giordimaina and Georgina
31%
1975 12 Singing This Song Renato
31%
1999 15 Believe 'n Peace Times Three
31%
1993 8 This Time William Mangion
31%
No matching quizzes found
Score Distribution
Percent of People with Each Score
Percentile by Number Answered
Your Score History
You have not taken this quiz since the last reset